Environmental compliance versus growth: lessons from Malaysia's Regulations on Palm Oil Mills (Record no. 53977)

000 -LEADER
fixed length control field 00697pab a2200157 454500
008 - FIXED-LENGTH DATA ELEMENTS--GENERAL INFORMATION
fixed length control field 180718b2002 xxu||||| |||| 00| 0 eng d
100 ## - MAIN ENTRY--PERSONAL NAME
Personal name Kathuria, Vinish and Khan, Nisar A.
245 ## - TITLE STATEMENT
Title Environmental compliance versus growth: lessons from Malaysia's Regulations on Palm Oil Mills
260 ## - PUBLICATION, DISTRIBUTION, ETC.
Date of publication, distribution, etc. 2002
300 ## - PHYSICAL DESCRIPTION
Extent p.3993-999.
362 ## - DATES OF PUBLICATION AND/OR SEQUENTIAL DESIGNATION
Dates of publication and/or sequential designation 28 Sep
520 ## - SUMMARY, ETC.
Summary, etc. Stringent regulations to control pollution due to effluents have not stifled the growth of the palm oil industry in Malaysia; rather, they have complemented the industry's efforts to innovate and remain competitive. - Reproduced.
650 ## - SUBJECT ADDED ENTRY--TOPICAL TERM
Topical term or geographic name entry element Environmental legislation
773 ## - HOST ITEM ENTRY
Main entry heading Economic and Political Weekly
909 ## -
-- 53977
Holdings
Withdrawn status Lost status Damaged status Not for loan Permanent Location Current Location Date acquired Serial Enumeration / chronology Barcode Date last seen Price effective from Koha item type
        Indian Institute of Public Administration Indian Institute of Public Administration 2018-07-19 Volume no: 37, Issue no: 39 AR54422 2018-07-19 2018-07-19 Articles

Powered by Koha